[Event "POL-ch rapid"]
[Site "Zgierz"]
[Date "2017.01.08"]
[Round "8"]
[White "Mista, Aleksander"]
[Black "Czachor, Radoslaw"]
[Result "1-0"]
[WhiteElo "2598"]
[BlackElo "2051"]
[PlyCount "100"]
[EventDate "2017.01.08"]
[EventType "swiss (rapid)"]
[EventRounds "9"]
[EventCountry "POL"]
[SourceTitle "CBM 176 Extra"]
[Source "ChessBase"]
[SourceDate "2017.03.02"]
[SourceVersion "1"]
[SourceVersionDate "2017.03.02"]
[SourceQuality "1"]

1. e4 e5 2. Nf3 Nc6 3. Bb5 a6 4. Ba4 Nf6 5. 0-0 Be7 6. Re1 d6 7. c3 0-0 8. d4 b5 9. Bc2 Bg4 10. Be3 Nb8 11. h3 Bxf3 12. Qxf3 Nbd7 13. Nd2 c5 14. d5 Qc7 15. Nf1 c4 16. g4 Nc5 17. Ng3 g6 18. Kg2 Rfb8 19. a3 Ne8 20. Rh1 Qd8 21. Rag1 a5 22. Bd2 Na4 23. Bxa4 bxa4 24. Bc1 Bg5 25. Qe2 Bxc1 26. Rxc1 Qc7 27. Nf1 Rb3 28. Ne3 Rc8 29. h4 Nf6 30. f3 Nd7 31. Rc2 Qc5 32. Re1 Qb5 33. h5 Nc5 34. Nxc4 Nxe4 35. Nxe5 Qxd5 36. Qxe4 Qxe5 37. Qxe5 dxe5 38. Rxe5 Rcb8 39. h6 Rxb2 40. Rxb2 Rxb2+ 41. Kg3 Kf8 42. Rxa5 Rb3 43. Rxa4 Rxc3 44. g5 f6 45. Ra8+ Kf7 46. Ra7+ Ke6 47. Rxh7 Rxa3 48. Rg7 fxg5 49. h7 Ra8 50. Rg8 Kd5 1-0

[Event "POL-chT 2nd League"]
[Site "Jastrzebia Gora"]
[Date "2015.09.06"]
[Round "2.52"]
[White "Chalupnik, Marcin"]
[Black "Czachor, Radoslaw"]
[Result "1/2-1/2"]
[WhiteElo "2210"]
[BlackElo "1994"]
[PlyCount "83"]
[EventDate "2015.09.05"]
[EventType "team-swiss"]
[EventRounds "9"]
[EventCountry "POL"]
[SourceTitle "EXT 2017"]
[Source "ChessBase"]
[SourceDate "2016.10.25"]
[SourceVersion "1"]
[SourceVersionDate "2016.10.25"]
[SourceQuality "1"]
[WhiteTeam "Warszawa YMCA"]
[BlackTeam "Wroclaw AZS Politechnika"]
[WhiteTeamCountry "POL"]
[BlackTeamCountry "POL"]

1. e4 e5 2. Nf3 Nc6 3. Bb5 a6 4. Ba4 Nf6 5. d3 Bc5 6. 0-0 d6 7. c3 0-0 8. Bg5 h6 9. Bh4 b5 10. Bb3 Be6 11. a4 b4 12. Nbd2 Rb8 13. Nc4 bxc3 14. bxc3 g5 15. Bg3 Rxb3 16. Qxb3 Na5 17. Qc2 Nxc4 18. dxc4 Bxc4 19. Rfe1 Qa8 20. Nd2 Be6 21. Nf1 Rb8 22. Kh1 Qc6 23. a5 Rb5 24. Qd3 Ba7 25. f3 Rb3 26. Rec1 Bc4 27. Qc2 Nh5 28. Nd2 Rb5 29. Nxc4 Qxc4 30. Bf2 Bxf2 31. Qxf2 Nf4 32. Qf1 Qc5 33. Rc2 Rxa5 34. Rca2 Rb5 35. Rxa6 Rb2 36. R6a2 Qxc3 37. Rc1 Qd2 38. Rxb2 Qxb2 39. Rxc7 Qd2 40. Rc1 Nxg2 41. Rc8+ Kg7 42. Qxg2 1/2-1/2

[Event "POL-chT 2nd League"]
[Site "Szczyrk"]
[Date "2014.09.12"]
[Round "7.71"]
[White "Czachor, Radoslaw"]
[Black "Tustanowski, Mateusz"]
[Result "1/2-1/2"]
[WhiteElo "2060"]
[BlackElo "1826"]
[PlyCount "116"]
[EventDate "2014.09.06"]
[EventType "team-swiss"]
[EventRounds "9"]
[EventCountry "POL"]
[SourceTitle "EXT 2015"]
[Source "ChessBase"]
[SourceDate "2014.11.20"]
[SourceVersion "1"]
[SourceVersionDate "2014.11.20"]
[SourceQuality "1"]
[WhiteTeam "Wroclaw AZS Politechnika"]
[BlackTeam "Prudnik LKS Zarzewie"]
[WhiteTeamCountry "POL"]
[BlackTeamCountry "POL"]

1. e4 e5 2. Nf3 Nc6 3. d4 exd4 4. Nxd4 Bc5 5. Nxc6 Qf6 6. Qf3 Qxf3 7. gxf3 dxc6 8. Rg1 g6 9. Bc4 Be6 10. Bxe6 fxe6 11. Be3 Bxe3 12. fxe3 Nf6 13. Nd2 Nd7 14. Ke2 Ke7 15. Rad1 Rhf8 16. Nc4 a5 17. Rg5 b6 18. h4 Rf6 19. Rdg1 Rg8 20. f4 h6 21. R5g2 e5 22. f5 Kf7 23. Rd1 Ke7 24. fxg6 b5 25. Nxa5 Rgxg6 26. Rdg1 Rxg2+ 27. Rxg2 Nc5 28. Rf2 Rxf2+ 29. Kxf2 Nxe4+ 30. Kf3 Nc5 31. Nxc6+ Kd6 32. Nd8 Ke7 33. Nc6+ Kd6 34. Nb4 h5 35. b3 Ke6 36. c4 bxc4 37. bxc4 Na4 38. Nd5 c6 39. Nb4 Nc3 40. Nxc6 Nxa2 41. Nd8+ Kf6 42. c5 Nc3 43. Nb7 e4+ 44. Kg3 Nd5 45. Nd6 Ke5 46. Nc4+ Ke6 47. c6 Ke7 48. Kf2 Nf6 49. Kg2 Kd8 50. Kg3 Nd5 51. Ne5 Kc7 52. Kf2 Kd6 53. Nf7+ Kxc6 54. Ng5 Nf6 55. Kg3 Nd5 56. Nxe4 Nxe3 57. Kf4 Ng2+ 58. Kg5 Nxh4 1/2-1/2

[Event "POL-chT2"]
[Site "Poronin"]
[Date "2013.09.09"]
[Round "3.58"]
[White "Malecki, Rafal"]
[Black "Czachor, Radoslaw"]
[Result "0-1"]
[WhiteElo "2112"]
[BlackElo "1989"]
[PlyCount "72"]
[EventDate "2013.09.06"]
[EventType "team-swiss"]
[EventRounds "9"]
[EventCountry "POL"]
[SourceTitle "EXT 2015"]
[Source "ChessBase"]
[SourceDate "2014.11.20"]
[SourceVersion "1"]
[SourceVersionDate "2014.11.20"]
[SourceQuality "1"]
[WhiteTeam "Chroscice LZS Victoria"]
[BlackTeam "Wroclaw AZS Politechnika"]
[WhiteTeamCountry "POL"]
[BlackTeamCountry "POL"]

1. Nf3 Nf6 2. g3 d5 3. Bg2 g6 4. 0-0 Bg7 5. d3 0-0 6. Nbd2 c5 7. c3 Nc6 8. e4 dxe4 9. dxe4 b6 10. Re1 Ng4 11. Qc2 Nge5 12. Nxe5 Nxe5 13. Nf3 Qd3 14. Qxd3 Nxd3 15. Rd1 Nxc1 16. Rdxc1 Rd8 17. Rc2 Bb7 18. Nd2 Rd7 19. Re1 Rad8 20. Nc4 Ba6 21. Bf1 Bb7 22. f3 e6 23. Kf2 Kf8 24. Be2 Ke7 25. g4 h5 26. Ra1 Bc6 27. h4 f5 28. exf5 exf5 29. b3 Bd5 30. Re1 Kf8 31. Rd1 Be6 32. Rxd7 Rxd7 33. b4 cxb4 34. cxb4 Rc7 35. Bd3 Bd4+ 36. Ke2 Kg7 0-1

[Event "Wroclaw op-A 6th"]
[Site "Wroclaw"]
[Date "2011.07.09"]
[Round "8"]
[White "Kolasinski, Krzysztof"]
[Black "Czachor, Radoslaw"]
[Result "1/2-1/2"]
[WhiteElo "2004"]
[BlackElo "2039"]
[PlyCount "116"]
[EventDate "2011.07.04"]
[EventType "swiss"]
[EventRounds "9"]
[EventCountry "POL"]
[SourceTitle "CBM 143 Extra"]
[Source "ChessBase"]
[SourceDate "2011.08.29"]
[SourceVersion "1"]
[SourceVersionDate "2011.08.29"]
[SourceQuality "1"]

1. Nf3 Nf6 2. g3 d5 3. Bg2 c5 4. c4 Nc6 5. cxd5 Nxd5 6. Nc3 Nf6 7. 0-0 Bg4 8. d3 Qd7 9. Re1 e6 10. Qa4 Be7 11. Bf4 0-0 12. Ne5 Nxe5 13. Bxe5 Qxa4 14. Nxa4 Nd7 15. Bf4 g5 16. Be3 Rab8 17. Rac1 Rfc8 18. h3 Bh5 19. Rc2 b6 20. Rec1 Rd8 21. Nc3 h6 22. a3 Nf6 23. Nb5 a6 24. Na7 Rd6 25. Nc6 Re8 26. g4 Bg6 27. b4 cxb4 28. axb4 Nd5 29. Bxd5 exd5 30. Bxb6 Bf8 31. Be3 Bg7 32. Bd4 Rxc6 33. Rxc6 Bxd4 34. Rc8 f6 35. R1c6 Kf8 36. Rxe8+ Bxe8 37. Rxa6 Ke7 38. Ra8 Bc6 39. Rh8 Bc3 40. Rh7+ Ke6 41. Rxh6 Bxb4 42. h4 Bf8 43. Rh8 Bg7 44. Rg8 Kf7 45. Rc8 Bd7 46. Rc7 Ke8 47. hxg5 fxg5 48. f3 Bd4+ 49. Kg2 Be3 50. Kf1 Ke7 51. Ke1 Kd6 52. Ra7 Bc6 53. Rf7 Kc5 54. Rf5 Kb4 55. Rf6 Ba4 56. Ra6 Bb3 57. Rc6 Ka3 58. Rc8 Kb2 1/2-1/2

[Event "Wroclaw op-A 6th"]
[Site "Wroclaw"]
[Date "2011.07.06"]
[Round "4"]
[White "Swicarz, Maciej"]
[Black "Czachor, Radoslaw"]
[Result "1-0"]
[WhiteElo "2286"]
[BlackElo "2039"]
[PlyCount "55"]
[EventDate "2011.07.04"]
[EventType "swiss"]
[EventRounds "9"]
[EventCountry "POL"]
[SourceTitle "CBM 143 Extra"]
[Source "ChessBase"]
[SourceDate "2011.08.29"]
[SourceVersion "1"]
[SourceVersionDate "2011.08.29"]
[SourceQuality "1"]

1. e4 d5 2. exd5 Nf6 3. d4 Qxd5 4. Nc3 Qd8 5. Nf3 Bg4 6. h3 Bf5 7. Bc4 Nbd7 8. g4 Bg6 9. Qe2 Nb6 10. Bb3 e6 11. Bd2 a5 12. a4 Bb4 13. 0-0-0 0-0 14. h4 Bxc3 15. Bxc3 Be4 16. g5 Bxf3 17. Qxf3 Nfd5 18. Bd2 Qd7 19. h5 f5 20. Rhe1 Rfe8 21. Re5 Qc6 22. Rde1 Kh8 23. Qe2 Nb4 24. Rc5 Qd6 25. h6 gxh6 26. gxh6 Nd7 27. Qh5 b6 28. Rxf5 1-0

[Event "Rewal op-B 14th"]
[Site "Rewal"]
[Date "2009.08.27"]
[Round "7"]
[White "Czachor, Radoslaw"]
[Black "Lis, Marcelina"]
[Result "0-1"]
[WhiteElo "2101"]
[BlackElo "1865"]
[PlyCount "58"]
[EventDate "2009.08.20"]
[EventType "swiss"]
[EventRounds "9"]
[EventCountry "POL"]
[SourceTitle "EXT 2011"]
[Source "ChessBase"]
[SourceDate "2010.11.26"]
[SourceVersion "1"]
[SourceVersionDate "2010.11.26"]
[SourceQuality "1"]

1. e4 c5 2. Nf3 e6 3. d4 cxd4 4. Nxd4 a6 5. Nc3 Qc7 6. Be2 Nf6 7. Bg5 Bb4 8. Qd3 Bxc3+ 9. bxc3 Nxe4 10. Qxe4 Qxc3+ 11. Kd1 Qxa1+ 12. Kd2 Qxa2 13. Nb3 Qa3 14. Qd4 Qf8 15. Bf3 Nc6 16. Bxc6 bxc6 17. Nc5 f6 18. Bf4 e5 19. Re1 d6 20. Qd3 Kf7 21. Bxe5 dxe5 22. Qb3+ Ke8 23. Qb6 Qd6+ 24. Kc1 Rb8 25. Qa7 Rf8 26. Ne4 Qa3+ 27. Kd2 Qb4+ 28. c3 Qb2+ 29. Kd3 Bf5 0-1

[Event "Rewal op-B 14th"]
[Site "Rewal"]
[Date "2009.08.23"]
[Round "4"]
[White "Zakrzewski, Marek"]
[Black "Czachor, Radoslaw"]
[Result "1/2-1/2"]
[WhiteElo "1947"]
[BlackElo "2101"]
[PlyCount "115"]
[EventDate "2009.08.20"]
[EventType "swiss"]
[EventRounds "9"]
[EventCountry "POL"]
[SourceTitle "EXT 2011"]
[Source "ChessBase"]
[SourceDate "2010.11.26"]
[SourceVersion "1"]
[SourceVersionDate "2010.11.26"]
[SourceQuality "1"]

1. e4 e5 2. Nc3 Nc6 3. Bc4 Nf6 4. d3 Bc5 5. f4 d6 6. Nf3 Bg4 7. Na4 Bxf3 8. Qxf3 Nd4 9. Qd1 b5 10. Nxc5 bxc4 11. fxe5 dxc5 12. exf6 Qxf6 13. c3 Nc6 14. Qf3 Ne5 15. Qxf6 Nxd3+ 16. Ke2 gxf6 17. b3 Rg8 18. g3 Rg4 19. Bf4 Nxf4+ 20. Kf3 Nd3 21. Kxg4 Nf2+ 22. Kf5 Nxh1 23. Rxh1 Ke7 24. bxc4 Rb8 25. Rd1 c6 26. Rd2 Rb1 27. h4 a5 28. a4 Rf1+ 29. Kg4 Ra1 30. Rb2 Kf8 31. Kf5 Kg7 32. Rb6 Rxa4 33. Rxc6 Rxc4 34. Rxf6 Rxc3 35. Ra6 Rxg3 36. Rxa5 Rc3 37. Ra7 Rc1 38. Rc7 c4 39. e5 c3 40. e6 Kf8 41. e7+ Ke8 42. Kf6 Rf1+ 43. Kg7 Rg1+ 44. Kxh7 Rg3 45. h5 f5 46. h6 f4 47. Kh8 f3 48. Rxc3 f2 49. Rxg3 f1Q 50. Rg7 Qf6 51. Kh7 Qf5+ 52. Kg8 Qe4 53. Kh8 Qe6 54. Rh7 Qg6 55. Rg7 Qxh6+ 56. Kg8 Qh5 57. Rh7 Qd5+ 58. Kh8 1/2-1/2

[Event "Rewal op-A 13th"]
[Site "Rewal"]
[Date "2008.08.29"]
[Round "9"]
[White "Szymanowska, Lena"]
[Black "Czachor, Radoslaw"]
[Result "0-1"]
[WhiteElo "1932"]
[BlackElo "2127"]
[PlyCount "108"]
[EventDate "2008.08.20"]
[EventType "swiss"]
[EventRounds "9"]
[EventCountry "POL"]
[SourceTitle "CBM 126 Extra"]
[Source "ChessBase"]
[SourceDate "2008.11.05"]
[SourceVersion "1"]
[SourceVersionDate "2008.11.05"]
[SourceQuality "1"]

1. e4 e6 2. d3 d5 3. Nd2 c5 4. Ngf3 Nc6 5. g3 g6 6. Bg2 Bg7 7. 0-0 Nge7 8. Re1 0-0 9. c3 d4 10. c4 e5 11. a3 Rb8 12. Nh4 Qd6 13. Rb1 Be6 14. Qc2 f6 15. Nf1 b5 16. b3 bxc4 17. bxc4 Rxb1 18. Qxb1 Rb8 19. Qc2 Qc7 20. Re2 Qb6 21. Qb2 Qa5 22. Qc2 Qc3 23. Qxc3 dxc3 24. Ne3 Nd4 25. Re1 Rb1 26. Kf1 Nb3 27. Nd5 Nc6 28. Be3 Rxe1+ 29. Kxe1 c2 30. f4 c1Q+ 31. Bxc1 Nxc1 32. f5 Bf7 33. Kd2 Nb3+ 34. Kc3 Nbd4 35. Nc7 g5 36. Nf3 Nxf3 37. Bxf3 h5 38. Bd1 g4 39. Kb3 Bf8 40. Ka4 Bd6 41. Nd5 Bxd5 42. cxd5 Nb8 43. Kb5 Kf8 44. Kc4 a6 45. Kb3 Ke7 46. Ka4 Bc7 47. Bb3 Nd7 48. Ba2 Nb6+ 49. Kb3 a5 50. Bb1 Kd6 51. Bc2 Bd8 52. Bd1 Be7 53. Be2 Bf8 54. Bd1 Bh6 0-1

[Event "Rewal op-A 13th"]
[Site "Rewal"]
[Date "2008.08.23"]
[Round "4"]
[White "Czachor, Radoslaw"]
[Black "Andrzejewska, Anna"]
[Result "0-1"]
[WhiteElo "2127"]
[BlackElo "1992"]
[PlyCount "64"]
[EventDate "2008.08.20"]
[EventType "swiss"]
[EventRounds "9"]
[EventCountry "POL"]
[SourceTitle "CBM 126 Extra"]
[Source "ChessBase"]
[SourceDate "2008.11.05"]
[SourceVersion "1"]
[SourceVersionDate "2008.11.05"]
[SourceQuality "1"]

1. e4 e5 2. Nf3 Nc6 3. d4 exd4 4. Nxd4 Nf6 5. Nxc6 bxc6 6. e5 Qe7 7. Qe2 Nd5 8. c4 Ba6 9. g3 Nb6 10. b3 g6 11. Bb2 Bg7 12. Bg2 0-0 13. 0-0 Rfe8 14. Re1 d5 15. Qc2 Rad8 16. Nd2 Qc5 17. Rac1 dxc4 18. Nxc4 Nxc4 19. bxc4 Bxe5 20. Bxe5 Rxe5 21. Rxe5 Qxe5 22. Bxc6 Qc5 23. Qa4 Rd2 24. Rf1 Bxc4 25. Be8 Bxf1 26. Qf4 Qd5 27. Bxf7+ Qxf7 28. Qxd2 Bh3 29. f4 Qd7 30. Qb2 Qc6 31. Qb8+ Kg7 32. Kf2 Qb6+ 0-1

[Event "Rewal op-A 12th"]
[Site "Rewal"]
[Date "2007.08.24"]
[Round "4"]
[White "Slezak, Robert"]
[Black "Czachor, Radoslaw"]
[Result "1-0"]
[WhiteElo "2167"]
[BlackElo "2038"]
[PlyCount "90"]
[EventDate "2007.08.20"]
[EventType "swiss"]
[EventRounds "9"]
[EventCountry "POL"]
[SourceTitle "CBM 120 Extra"]
[Source "ChessBase"]
[SourceDate "2007.11.01"]
[SourceVersion "1"]
[SourceVersionDate "2007.11.01"]
[SourceQuality "1"]

1. e4 d5 2. exd5 Nf6 3. Nc3 Nxd5 4. Bc4 e6 5. Nge2 Nc6 6. 0-0 Bd6 7. h3 Nb6 8. Bb3 a5 9. a3 0-0 10. Ne4 Be7 11. d4 a4 12. Ba2 e5 13. d5 Nb8 14. Be3 N8d7 15. N2c3 Kh8 16. d6 cxd6 17. Nxd6 Bxd6 18. Qxd6 Ra6 19. Qd3 Ra5 20. Bc4 Ra8 21. Bb5 Nf6 22. Nxa4 Bf5 23. Qe2 Nbd7 24. Rac1 Rc8 25. Bd2 Qc7 26. Bb4 Rfe8 27. Rfd1 Be6 28. Bd6 Bc4 29. Bxc7 Bxe2 30. Bxd7 Nxd7 31. Rd2 Bb5 32. Nc3 Bc6 33. Bd6 f5 34. Na2 Nf6 35. Nb4 Bb5 36. Re1 Rcd8 37. Rdd1 Rd7 38. Bc5 Ne4 39. Bb6 Nd2 40. Be3 Nc4 41. Rxd7 Bxd7 42. Bc1 Ra8 43. b3 Nxa3 44. Rxe5 Kg8 45. Re7 Bb5 1-0